000 00672nam a2200229Ia 4500
008 140626s9999 xx 000 0 und d
100 _aWerness.
245 _aUsing introductory robotics to encourage problem-solving with pre-service K-8 teachers /
_cWerness ... [et al.].
260 _cc2011.
300 _a2 : 3, page 93
440 _aComputers in Education Journal
521 _aIT
650 _aCourse structure.
650 _aHardware.
650 _aK-8 teachers.
650 _aLego mindstorms robotics system.
650 _aProblem-solving elements.
650 _aProgramming.
650 _aRobotics.
650 _aStudent response.
942 _cSE
999 _c120925
_d120925